000 01587nam a2200385 a 4500
001 7793
003 BD-RjUL
005 20211208234457.0
008 141110s1965 nyuar e 0 a0eng
035 _a(OCoLC)ocm01681201
_a(BD-RjUL)7837
040 _aDLC
_cMnMULS
_dNAlULS
_dNIC
_dN
_dDLC
_dNSDP
_dDLC
_dNST
_dOCoLC
_dDLC
_dOCoLC
_dDLC
_dNST
_dMH
_dOCoLC
_dB2Q
_dDNLM
_dNLGGC
_dOCoLC
_dBD-RjUL
_beng
041 _aeng
060 0 0 _aQ 121
_bM1471
082 0 4 _a505
_219
_bMCG 1965
245 0 0 _aMcGraw-Hill yearbook of science and technology :
_bComprehensive coverage of the important events of 1964 /
_cas compiled by the staff of the McGraw-Hill encyclopedia of science and technology.
246 1 0 _aYearbook of science and technology
260 _aNew York :
_bMcGraw-Hill Book Co.,
_c1965.
300 _a454 p. :
_bill.
_c26 cm.
500 _aTitle varies slightly.
550 _aVols. for 1962-<88> compiled by the staff of the McGraw-Hill encyclopedia of science and technology.
650 0 _aScience
_vPeriodicals.
_9113836
650 0 _aTechnology
_vPeriodicals.
_9113837
650 6 _aTechnologie
_xRépertoires.
_9113838
650 6 _aSciences
_xRépertoires.
_9113839
650 2 _aScience
_vPeriodicals.
_9113840
650 2 _aTechnology
_vPeriodicals.
_9113841
650 1 7 _aTechniek.
_2gtt
_9113842
650 1 7 _aWetenschap.
_2gtt
_9113843
710 _aas compiled by the Staff of the MacGraw-Hill Encyclopedia of science and technology.
_9113844
936 _aUnknown
_a1988
942 _2ddc
_cBK
999 _c7793
_d7793